| 000 | 00400nam a22001697a 4500 | ||
|---|---|---|---|
| 003 | MPLRDC | ||
| 005 | 20220104144452.0 | ||
| 008 | 210129b ||||| |||| 00| 0 eng d | ||
| 082 | _a859.6 SJMZ-3 v.7 | ||
| 100 | _a不详 | ||
| 245 |
_a名犬宾果 _c |
||
| 260 |
_a _b吉隆企业公司 _c |
||
| 300 | _b精 | ||
| 490 | _a世界名著; 7 | ||
| 650 | _a儿童故事 | ||
| 942 |
_cBK _o859.6 SJMZ-3 v.7 |
||
| 999 |
_c49919 _d49909 |
||